<?xml version="1.0" encoding="UTF-8"?>
<record
    xmlns:xsi="http://www.w3.org/2001/XMLSchema-instance"
    xsi:schemaLocation="http://www.loc.gov/MARC21/slim http://www.loc.gov/standards/marcxml/schema/MARC21slim.xsd"
    xmlns="http://www.loc.gov/MARC21/slim">

  <leader>01189nam a2200289 i 4500</leader>
  <controlfield tag="001">bg</controlfield>
  <datafield tag="245" ind1="0" ind2="0">
    <subfield code="a">Problemy aktywnej ochrony ekosystem&#xF3;w wodnych i torfowiskowych w polskich parkach narodowych /</subfield>
    <subfield code="c">pod red. Stanis&#x142;awa Radwana i Ryszarda Kornijowa.</subfield>
  </datafield>
  <datafield tag="260" ind1=" " ind2=" ">
    <subfield code="a">Lublin :</subfield>
    <subfield code="b">Wydaw. Uniwersytetu Marii Curie-Sk&#x142;odowskiej,</subfield>
    <subfield code="c">1999.</subfield>
  </datafield>
  <datafield tag="300" ind1=" " ind2=" ">
    <subfield code="a">291 s. :</subfield>
    <subfield code="b">il., mapy ;</subfield>
    <subfield code="c">24 cm.</subfield>
  </datafield>
  <datafield tag="500" ind1=" " ind2=" ">
    <subfield code="a">Mater. mi&#x119;dzynarodowej konferencji, Okuninka 8-9 pa&#x17A;dziernika 1999 r. - Tekst cz&#x119;&#x15B;c. t&#x142;. z bia&#x142;orus. - Streszcz. ang. przy pracach. - Wst&#x119;p tak&#x17C;e ang.</subfield>
  </datafield>
  <datafield tag="504" ind1=" " ind2=" ">
    <subfield code="a">Bibliogr. przy pracach.</subfield>
  </datafield>
  <datafield tag="650" ind1=" " ind2="9">
    <subfield code="a">Bagna</subfield>
    <subfield code="x">ekologia</subfield>
    <subfield code="z">Polska</subfield>
  </datafield>
  <datafield tag="650" ind1=" " ind2="9">
    <subfield code="a">Rezerwaty i parki narodowe</subfield>
    <subfield code="x">ekologia</subfield>
    <subfield code="z">Polska</subfield>
  </datafield>
  <datafield tag="650" ind1=" " ind2="9">
    <subfield code="a">Rezerwaty i parki narodowe</subfield>
    <subfield code="x">hydrologia</subfield>
    <subfield code="z">Polska</subfield>
  </datafield>
  <datafield tag="650" ind1=" " ind2="9">
    <subfield code="a">Torfowisko</subfield>
    <subfield code="x">ekologia</subfield>
    <subfield code="z">Polska</subfield>
  </datafield>
  <datafield tag="650" ind1=" " ind2="9">
    <subfield code="a">Wody &#x15B;r&#xF3;dl&#x105;dowe</subfield>
    <subfield code="x">ekologia</subfield>
    <subfield code="z">Polska</subfield>
  </datafield>
  <datafield tag="655" ind1=" " ind2=" ">
    <subfield code="a">Materia&#x142;y konferencyjne</subfield>
  </datafield>
  <datafield tag="700" ind1="1" ind2=" ">
    <subfield code="a">RADWAN, Stanis&#x142;aw.</subfield>
    <subfield code="e">Red.</subfield>
  </datafield>
  <datafield tag="700" ind1="1" ind2=" ">
    <subfield code="a">KORNIJ&#xD3;W, Ryszard.</subfield>
    <subfield code="e">Red.</subfield>
  </datafield>
  <datafield tag="020" ind1=" " ind2=" ">
    <subfield code="a">8322715048</subfield>
  </datafield>
  <datafield tag="040" ind1=" " ind2=" ">
    <subfield code="c">BPK</subfield>
  </datafield>
  <datafield tag="041" ind1="1" ind2=" ">
    <subfield code="a">poleng</subfield>
    <subfield code="b">eng</subfield>
    <subfield code="h">bel</subfield>
  </datafield>
  <datafield tag="080" ind1=" " ind2=" ">
    <subfield code="a">502.6:504.7:574.5](438)(061)</subfield>
  </datafield>
  <datafield tag="920" ind1=" " ind2=" ">
    <subfield code="a">83-227-1504-8</subfield>
  </datafield>
  <datafield tag="942" ind1=" " ind2=" ">
    <subfield code="c">KS</subfield>
  </datafield>
  <controlfield tag="008">      s        pl     f     |000 0 pol  </controlfield>
  <datafield tag="999" ind1=" " ind2=" ">
    <subfield code="c">37518</subfield>
    <subfield code="d">37518</subfield>
  </datafield>
  <datafield tag="856" ind1=" " ind2=" ">
    <subfield code="u">http://koha.tu.koszalin.pl/cgi-bin/koha/opac-detail.pl?biblionumber=37518</subfield>
    <subfield code="y">Katalog online BPK</subfield>
  </datafield>
  <datafield tag="952" ind1=" " ind2=" ">
    <subfield code="0">0</subfield>
    <subfield code="1">0</subfield>
    <subfield code="4">0</subfield>
    <subfield code="7">1</subfield>
    <subfield code="a">BPK</subfield>
    <subfield code="b">BPK</subfield>
    <subfield code="c">c</subfield>
    <subfield code="o">53803</subfield>
    <subfield code="p">01493443</subfield>
    <subfield code="t">502.5 K.R</subfield>
    <subfield code="y">KS</subfield>
  </datafield>
  <datafield tag="952" ind1=" " ind2=" ">
    <subfield code="0">0</subfield>
    <subfield code="1">0</subfield>
    <subfield code="4">0</subfield>
    <subfield code="7">0</subfield>
    <subfield code="a">BPK</subfield>
    <subfield code="b">BPK</subfield>
    <subfield code="c">w</subfield>
    <subfield code="o">53804</subfield>
    <subfield code="p">01493436</subfield>
    <subfield code="q">2026-11-03</subfield>
    <subfield code="y">KS</subfield>
  </datafield>
</record>
